[Event "EU-ch U16 17th"]
[Site "Sibenik"]
[Date "2007.09.14"]
[Round "1"]
[White "Taushanov, Mihail"]
[Black "Yilmaz, Mustafa"]
[Result "0-1"]
[WhiteElo "1771"]
[BlackElo "2204"]
[PlyCount "102"]
[EventDate "2007.09.14"]
[EventType "swiss"]
[EventRounds "9"]
[EventCountry "CRO"]
[SourceTitle "CBM 120 Extra"]
[Source "ChessBase"]
[SourceDate "2007.11.01"]
[SourceVersion "1"]
[SourceVersionDate "2007.11.01"]
[SourceQuality "1"]

1. Nf3 Nf6 2. c4 e6 3. g3 Be7 4. Bg2 0-0 5. b3 d5 6. Bb2 c5 7. cxd5 exd5 8. d4 b6 9. Qc2 Nc6 10. a3 Ne4 11. 0-0 Bf5 12. Qc1 Rc8 13. dxc5 bxc5 14. Nbd2 Qb6 15. Nxe4 Bxe4 16. Qe3 Rfe8 17. Bh3 Rcd8 18. Nd2 Bg6 19. Qf3 c4 20. Bf5 Bxf5 21. Qxf5 Bf8 22. Qf3 cxb3 23. Rab1 Rb8 24. Rfc1 a5 25. e3 Red8 26. Qg4 d4 27. Nc4 Qa7 28. Rd1 Qd7 29. Qxd7 Rxd7 30. exd4 Rbd8 31. Rd3 a4 32. Rbd1 Ne7 33. Nb6 Ra7 34. d5 Nf5 35. Nc4 f6 36. g4 Nd6 37. Rd4 Rc8 38. Ne3 Nb5 39. Rc4 Rxc4 40. Nxc4 Nd6 41. Nxd6 Bxd6 42. h3 Rc7 43. Rd2 Bf4 44. Re2 Rc2 45. Re4 Rxb2 46. Rxf4 Rd2 47. Rb4 Rxd5 48. Kf1 Rd1+ 49. Ke2 Ra1 50. Kd3 Rxa3 51. Rb7 Ra2 0-1